000 01590nam0a2200313 i 4500
001 RU\NLR\BIBL_A\011526979
005 20241102190830.0
010 _a9785898772772
_9550
021 _aRU
_b2017-80090
_95713
035 _a(RuMoRGB)009434422
035 _a(NLR Aleph) 011526979
090 _a12125538
_c12125538
100 _a20171115d2017 um y0rusy50 ca
101 0 _arus
102 _aRU
105 _aac||z|||000zy
200 1 _aДединовские судовые мастера
_eиз истории окского судостроения XVII - начала XIX вв.
_fС. А. Кочетков, А. А. Шаблин
_gАдминистрация городского округа Луховицы Московской области, Государственный социально-гуманитарный университет
210 _aРязань
_cРусское слово
_d2017
215 _a143 с.
_cил., цв. ил., портр., табл.,
_d22
320 _aБиблиогр. в конце разд.
606 1 _aРечное судостроение
_xИстория
_yДединово, село (Московская область)
_z17 - 19 вв.
_92408490
_3RU\NLR\AUTH\6601654452
606 _aРечные суда деревянные
_91610143
_3RU\NLR\AUTH\661007816
686 1 _aО424.210.12г(2)
700 1 _aКочетков
_bС. А.
_gСергей Александрович
701 1 _aШаблин
_bА. А.
_f1963-
_gАндрей Александрович
942 _cBOOK
980 _aNBR